<?xml version="1.0" encoding="UTF-8"?>
<collection xmlns="http://www.loc.gov/MARC21/slim">
<record>
  <controlfield tag="001">108269</controlfield>
  <controlfield tag="005">20211110140510.0</controlfield>
  <datafield tag="037" ind1=" " ind2=" ">
    <subfield code="a">TESIS-2021-305</subfield>
  </datafield>
  <datafield tag="041" ind1=" " ind2=" ">
    <subfield code="a">spa</subfield>
  </datafield>
  <datafield tag="080" ind1=" " ind2=" ">
    <subfield code="a">37.015;504;658</subfield>
  </datafield>
  <datafield tag="100" ind1="1" ind2=" ">
    <subfield code="a">González Hernández, Yamila</subfield>
  </datafield>
  <datafield tag="245" ind1="0" ind2="0">
    <subfield code="a">Educación ambiental para el desarrollo petrolero sostenible en Cuba. Estudio de caso en la Empresa de Perforación y Extracción de Petróleo del Centro (EPEP-C) de la provincia Matanzas</subfield>
  </datafield>
  <datafield tag="260" ind1=" " ind2=" ">
    <subfield code="a">Zaragoza</subfield>
    <subfield code="b">Universidad de Zaragoza, Prensas de la Universidad</subfield>
    <subfield code="c">2017</subfield>
  </datafield>
  <datafield tag="300" ind1=" " ind2=" ">
    <subfield code="a">310</subfield>
  </datafield>
  <datafield tag="490" ind1="0" ind2=" ">
    <subfield code="a">Tesis de la Universidad de Zaragoza</subfield>
    <subfield code="x">2254-7606</subfield>
    <subfield code="v">2021-301</subfield>
  </datafield>
  <datafield tag="500" ind1=" " ind2=" ">
    <subfield code="a">Presentado:  05 07 2017</subfield>
  </datafield>
  <datafield tag="502" ind1=" " ind2=" ">
    <subfield code="a">Tesis-Univ. Zaragoza,  , 2017</subfield>
    <subfield code="b">Zaragoza, Universidad de Zaragoza</subfield>
    <subfield code="c">2017</subfield>
  </datafield>
  <datafield tag="520" ind1=" " ind2=" ">
    <subfield code="a">La presente tesis doctoral parte de la hipótesis de que la elaboración e implementación de un modelo de educación ambiental con enfoque integrado y con participación social logra potenciar los conocimientos, capacidades y competencias contribuyendo al desarrollo sostenible en la Empresa de Perforación y Extracción de Petróleo del Centro.&lt;br />La investigación tiene gran importancia para el contexto cubano atendiendo a su valor teórico, práctico y metodológico  que se expresa en lo siguiente.  Primero, se ha procedido a revisar la producción bibliográfica sobre el desarrollo sostenible y la educación ambiental destacando la importancia y pertinencia de la metodología de investigación acción-participación, donde se combina el proceso de transformación  y producción  de conocimientos,  el carácter educativo, como método dialógico y el componente participativo. Se presenta el trabajo grupal como espacio didáctico para el aprendizaje y saberes medioambiental. r&lt;br /> Segundo, se ofrece una mirada a la concepción del  desarrollo sostenible y la educación ambiental  en Cuba, presentando  algunas expresiones y actuaciones  en el escenario de compromisos internacionales. Aborda el fortalecimiento de la gestión ambiental a partir de la institucionalización,  del marco normativo- legal, así como los  principios, fines y los  actores.  Se refiere la Estrategia Ambiental Nacional, la ruta a seguir ante la amenaza global del cambio climático así como los instrumentos de actuación. Por último se aborda la educación ambiental en Cuba, tratando los antecedentes y actualidad nombrando  algunas prácticas educativas exitosas.&lt;br />Tercero se  realiza la caracterización socioeconómica  de   la Empresa de Perforación y Extracción de Petróleo del Centro ( EPEP-C) así como la identificación y expresión de los problemas ambientales  y en base a estos las necesidades de aprendizajes, de capacitación y educación  ambiental. Se diseña e implementa un  modelo  de educación ambiental que enfatiza en el enfoque integrado y participativo y que contribuye  al desarrollo petrolero sostenible. Se presenta  el trabajo grupal como un espacio didáctico clave para  desarrollar las competencias como parte de la estrategia metodológica.  Así se verifica en el trabajo de campo logrando responder a la demanda inicial de la empresa.&lt;br />Finalmente, se comprueba la hipótesis. Se constata la educación ambiental como instrumento de socialización y de actitud crítica, que permite  modificar comportamientos de los actores sociales en sus prácticas. Una Educación permanente a lo largo de la vida, que  contribuye al desarrollo  sostenible.  &lt;br /></subfield>
  </datafield>
  <datafield tag="506" ind1=" " ind2=" ">
    <subfield code="a">by</subfield>
    <subfield code="b">Creative Commons</subfield>
    <subfield code="c">3.0</subfield>
    <subfield code="u">http://creativecommons.org/licenses/by/3.0/es</subfield>
  </datafield>
  <datafield tag="520" ind1=" " ind2=" ">
    <subfield code="a">&lt;br /></subfield>
  </datafield>
  <datafield tag="521" ind1=" " ind2=" ">
    <subfield code="9">7092</subfield>
    <subfield code="a">Programa de Doctorado en Educación</subfield>
  </datafield>
  <datafield tag="653" ind1="1" ind2=" ">
    <subfield code="a">sociologia de la educacion</subfield>
  </datafield>
  <datafield tag="653" ind1="1" ind2=" ">
    <subfield code="a">organizacion y gestion de empresas</subfield>
  </datafield>
  <datafield tag="653" ind1="1" ind2=" ">
    <subfield code="a">politica del medio ambiente</subfield>
  </datafield>
  <datafield tag="700" ind1=" " ind2=" ">
    <subfield code="a">Rafael de Miguel González</subfield>
    <subfield code="e">dir.</subfield>
  </datafield>
  <datafield tag="710" ind1="2" ind2=" ">
    <subfield code="a">Universidad de Zaragoza</subfield>
    <subfield code="b"> </subfield>
  </datafield>
  <datafield tag="830" ind1=" " ind2=" ">
    <subfield code="9">504</subfield>
  </datafield>
  <datafield tag="856" ind1="0" ind2=" ">
    <subfield code="f">cdeurop@unizar.es</subfield>
  </datafield>
  <datafield tag="856" ind1="4" ind2=" ">
    <subfield code="u">http://zaguan.unizar.es/record/108269/files/TESIS-2021-305.pdf</subfield>
    <subfield code="z">Texto completo (spa)</subfield>
    <subfield code="s">4105997</subfield>
  </datafield>
  <datafield tag="909" ind1="C" ind2="O">
    <subfield code="o">oai:zaguan.unizar.es:108269</subfield>
    <subfield code="p">driver</subfield>
    <subfield code="p">tesis</subfield>
  </datafield>
  <datafield tag="910" ind1="2" ind2=" ">
    <subfield code="a"></subfield>
    <subfield code="b"> </subfield>
  </datafield>
  <datafield tag="980" ind1=" " ind2=" ">
    <subfield code="a">TESIS</subfield>
  </datafield>
</record>
</collection>